000 00264nam a2200109Ia 4500
008 230907s9999||||xx |||||||||||||| ||und||
082 _a621.402
_bPEN
100 _aPenoncello, S. G.
_9115743
245 0 _aThermal energy systems :
300 _a603 p.
942 _cBK
999 _c599258
_d599258